Comentarios a la PACEM IN TERRIS

Saved in:
Bibliographic Details
Corporate Author: Instituto Social León XIII (Author)
Format: Book
Language:Spanish
Published: Madrid Biblioteca de Autores Cristianos 1963
Series:Pensamiento social y político cristiano, 230
Subjects:
Tags: Add Tag
No Tags, Be the first to tag this record!

MARC

LEADER 00000nam a2200000 a 4500
001 UCH4275
003 CL-VaPUC
008 090818e19630000SP |||||||||||||||||spa|d
082 0 4 |a 282  |b AGU  |2 21 
110 2 |a Instituto Social León XIII  |e author  |9 539747 
245 1 0 |a Comentarios a la PACEM IN TERRIS 
300 |a 690 p 
942 |c BK 
945 |d 20090818 00:00:00  |a ccalabra 
260 |a Madrid  |b Biblioteca de Autores Cristianos  |c 1963 
650 0 |a Iglesia Católica  |9 256114 
650 0 |a Teología   |9 258766 
650 0 |a Cristianismo  |9 257361 
650 0 |a Religión   |9 255164 
583 |a last modification  |c 20090818 00:00:00  |k Rodrigo Vera 
490 0 |a Pensamiento social y político cristiano, 230 
999 |c 335607  |d 335605